Estudios de derecho civil español común y foral de perfecta adaptación á los programas para oposiciones ... / por José Salom Solbes
Descripción Física:
2 v. ; 22 cm
Materias:
Dret civil -- Espanya
MARC
| LEADER | 00000nam a2200000Ia 4500 | ||
|---|---|---|---|
| 001 | 1213, 14029 | ||
| 008 | 160829s1900 xx 000 0 cat d | ||
| 080 | |a D-1-93, D-2-33 | ||
| 100 | |a Salom Solbes, José |9 25321 | ||
| 245 | |a Estudios de derecho civil español común y foral de perfecta adaptación á los programas para oposiciones ... / por José Salom Solbes | ||
| 260 | |a Valencia : |b Establecimiento Tip. Domenech, |c 1900 | ||
| 300 | |a 2 v. ; |c 22 cm | ||
| 650 | |a Dret civil |x Espanya |9 28897 | ||
| 866 | |a T. 1 (1), t.1 (2) | ||
| 901 | |a Arxiu | ||
| 942 | |n 1 | ||
| 952 | |0 0 |1 0 |4 0 |6 D193_D233 |7 1 |9 43558 |a Arxiu |b Arxiu |d 2016-12-01 |l 0 |o D-1-93, D-2-33 |p 1213, 14029 |r 2016-12-01 00:00:00 |w 2016-12-01 |y ARXIU | ||
| 999 | |c 46104 |d 46104 | ||